La crisis energética y el nuevo orden económico mundial (Registro nro. 28752)
[ vista simple ]
| 000 -LEADER | |
|---|---|
| fixed length control field | 00347 a2200109 4500 |
| 001 - CONTROL NUMBER | |
| control field | ART_23950 |
| 005 - DATE AND TIME OF LATEST TRANSACTION | |
| control field | 20260410161933.0 |
| 008 - FIXED-LENGTH DATA ELEMENTS--GENERAL INFORMATION | |
| fixed length control field | 260409a |
| 100 1# - MAIN ENTRY--PERSONAL NAME | |
| Personal name | Rabinovich, Eduardo Jorge |
| 245 10 - TITLE STATEMENT | |
| Title | La crisis energética y el nuevo orden económico mundial |
| 773 0# - HOST ITEM ENTRY | |
| Title | Informe |
| Related parts | - Año VIII, Nº 49 (oct./dic. 1976) |
| Record control number | REV23765 |
No hay ítems disponibles.